000 00373 a2200109 4500
001 ART_16199
005 20260410161853.0
008 260409a
245 1 0 _aCiencias humanas y sociedades de consumo
100 1 _aGrinberg, Hugo Hernán
773 0 _tFilosofía del derecho
_gCuestiones epistemológica y normativas - Año I, Nº 2 (dic. 2012)
_wREV10449
999 _c25184
_d25184